Kidnapped : (Record no. 9538)

MARC details
000 -LEADER
fixed length control field 01193nam a22002657a 4500
001 - CONTROL NUMBER
control field 9538
003 - CONTROL NUMBER IDENTIFIER
control field FISKH
005 - DATE AND TIME OF LATEST TRANSACTION
control field 20260120114410.0
008 - FIXED-LENGTH DATA ELEMENTS--GENERAL INFORMATION
fixed length control field 260120b cb ||||| |||| 00| 0 eng d
020 ## - INTERNATIONAL STANDARD BOOK NUMBER
International Standard Book Number 9780486293547
040 ## - CATALOGING SOURCE
Original cataloging agency FISKH
Language of cataloging eng
Transcribing agency FISKH
Modifying agency FISKH
050 ## - LIBRARY OF CONGRESS CALL NUMBER
Classification number PZ7.S8482 K
082 ## - DEWEY DECIMAL CLASSIFICATION NUMBER
Classification number 823.8
100 ## - MAIN ENTRY--PERSONAL NAME
Personal name Stevenson , Robert Louis
245 ## - TITLE STATEMENT
Title Kidnapped :
Remainder of title In Easy-to-Read Type /
Statement of responsibility, etc. By Robert Louis Stevenson : Adapted by Bob Blaisdell : Illustrated by Thea Kliros
260 ## - PUBLICATION, DISTRIBUTION, ETC.
Place of publication, distribution, etc. New York :
Name of publisher, distributor, etc. Dover Publications , Inc ,
Date of publication, distribution, etc. 1996 .
300 ## - PHYSICAL DESCRIPTION
Extent 90 pages :
Other physical details illustrations ;
Dimensions 21 cm .
490 ## - SERIES STATEMENT
Series statement Dover Children's Thrift Classics
520 ## - SUMMARY, ETC.
Summary, etc. In a tale of high adventure and gripping drama, young David Balfour struggles to regain his rightful inheritance after being kidnapped, sent to sea, and shipwrecked. The story of his harrowing experiences and dangerous relationship with a Scottish rebel who has a price on his head has thrilled countless readers. Abridged.<br/>
650 ## - SUBJECT ADDED ENTRY--TOPICAL TERM
Topical term or geographic name entry element Scotland-History-18th century
Form subdivision Juvenile Literature
650 ## - SUBJECT ADDED ENTRY--TOPICAL TERM
Topical term or geographic name entry element Adventure and adventures
Form subdivision Fiction
700 ## - ADDED ENTRY--PERSONAL NAME
Personal name Kliros , Thea
Relator term Illustrator
942 ## - ADDED ENTRY ELEMENTS (KOHA)
Source of classification or shelving scheme Dewey Decimal Classification
Koha item type Books
Suppress in OPAC No
Holdings
Withdrawn status Lost status Source of classification or shelving scheme Damaged status Not for loan Collection Home library Current library Shelving location Date acquired Total Checkouts Full call number Barcode Date last seen Price effective from Koha item type
    Dewey Decimal Classification     Fiction Footprints International School Library Network Toul Tom Poung Campus Footprints International School Library Network Toul Tom Poung Campus TTP Secondary Fiction Bookshelves 01/20/2026   STE 823.8 PZ7.S8482 K 2026-0064 01/20/2026 01/20/2026 Books